Detalles MARC
| 000 -CABECERA |
| campo de control de longitud fija |
03097nam a2200313 i 4500 |
| 001 - NÚMERO DE CONTROL |
| campo de control |
000048032 |
| 003 - IDENTIFICADOR DEL NÚMERO DE CONTROL |
| campo de control |
DO-SdBNP |
| 005 - FECHA Y HORA DE LA ÚLTIMA TRANSACCIÓN |
| campo de control |
20250306095851.0 |
| 007 - CAMPO FIJO DE DESCRIPCIÓN FÍSICA--INFORMACIÓN GENERAL |
| campo de control de longitud fija |
ta |
| 008 - DATOS DE LONGITUD FIJA--INFORMACIÓN GENERAL |
| campo de control de longitud fija |
181102s2016 dr ac 000 0 spa d |
| 020 ## - NÚMERO INTERNACIONAL ESTÁNDAR DEL LIBRO |
| Número Internacional Estándar del Libro |
9789945902358 |
| 040 ## - FUENTE DE LA CATALOGACIÓN |
| Centro catalogador/agencia de origen |
DO-SdBNP |
| Lengua de catalogación |
spa |
| Centro/agencia transcriptor |
BNPHU |
| Normas de descripción |
rda |
| 082 ## - NÚMERO DE LA CLASIFICACIÓN DECIMAL DEWEY |
| Número de clasificación |
xxx |
| Número de documento/Ítem |
P925 |
| Número de edición |
22 |
| 111 2# - ENTRADA PRINCIPAL--NOMBRE DE CONGRESO/REUNIÓN |
| Nombre de congreso/reunión o jurisdicción como elemento de entrada |
Premio Internacional Pedro Henríquez Ureña : |
| Sede del congreso/Lugar de la reunión |
Santo Domingo, República Dominicana |
| Fecha del congreso/reunión |
2015. |
| 9 (RLIN) |
75529 |
| 245 10 - MENCIÓN DE TÍTULO |
| Título |
Memoria : |
| Resto del título |
Premio Internacional Pedro Henríquez Ureña 2015 otorgado a la critica argentina Beatriz Sarlo / |
| Mención de responsabilidad, etc. |
compilador-editor, Luis O. Brea Franco. |
| 264 #1 - PRODUCCIÓN, PUBLICACIÓN, DISTRIBUCIÓN, FABRICACIÓN Y COPYRIGHT |
| Producción, publicación, distribución, fabricación y copyright |
Santo Domingo : |
| Nombre del de productor, editor, distribuidor, fabricante |
Ministerio de Cultura, |
| Fecha de producción, publicación, distribución, fabricación o copyright |
2016. |
| 300 ## - DESCRIPCIÓN FÍSICA |
| Extensión |
135 paginas : |
| Otras características físicas |
ilustraciones, retratos. ; |
| Dimensiones |
23 cm. |
| 336 ## - TIPO DE CONTENIDO |
| Término de tipo de contenido |
texto |
| Código de tipo de contenido |
txt |
| Fuente |
rdaconten |
| 337 ## - TIPO DE MEDIO |
| Nombre/término del tipo de medio |
sin mediación |
| Código del tipo de medio |
n |
| Fuente |
rdamedia |
| 338 ## - TIPO DE SOPORTE |
| Nombre/término del tipo de soporte |
volumen |
| Código del tipo de soporte |
nc |
| Fuente |
rdacarrier |
| 490 1# - MENCIÓN DE SERIE |
| Mención de serie |
Colección Cielo Naranja |
| 500 ## - NOTA GENERAL |
| Nota general |
Incluye datos biográficos del autor en la solapa de la contracubierta. |
| 504 ## - NOTA DE BIBLIOGRAFÍA, ETC. |
| Nota de bibliografía, etc. |
Bibliografía : páginas 133 |
| 505 0# - NOTA DE CONTENIDO CON FORMATO |
| Nota de contenido con formato |
Premio Internacional Pedro Henríquez Ureña 2015, sección inicial: Presentación de Beatriz Sarlo galardonada con el Premio Pedro Henríquez Ureña 2015 por el señor Ministro de Cultura, José Antonio Rodríguez Duvergé -- |
| Título |
Dictamen Premio Internacional Pedro Henríquez Ureña que se ortoga a la ensayista argentina Beatriz Sarlo -- |
| -- |
Lección magestral de la galardonada Beatriz Sarlo -- |
| -- |
Coloquio "Beatriz Sarlo y las nuevas constelaciones de la crítica en nuestra America," sección uno |
| -- |
Testimonio por la Dra. Sylvia Molloy -- |
| -- |
Beatriz Sarlo : una lectora en el mundo / Dr. Rafael Mondragón -- |
| -- |
Coloquio "Pedro Henríquez Ureña y el pensamiento crítico en nuestra America," sección dos: |
| -- |
Pedro Henríquez Ureña y la biblioteca americana: asomo a un proyecto editorial / Liliana Weinberg -- |
| -- |
Cosmopolitismo, latinoamericanismo y humanismo : notas sobre Pedro Henríquez Ureña a propósito / Dr. Ignacio M. Sánchez Prado -- |
| -- |
Entre la convicción y la duda : el pensamiento crítico en torno a Pedro Henríquez Ureñá / Dr. Juan R. Valdez -- |
| -- |
Presentación de los catorce tomos de las "Obras de Pedro Henríquez Ureña" compiladas por Miguel D. Mena y el libro "Seis ensayos en busca de Pedro Henríquez Ureña" de la Dra. Liliana Weinberg," sección tres: |
| -- |
Presentación por parte del honorable Señor Ministro de Cultura de la República Dominicana, José Antonio Rodríguez Duvergé de las Obras completas de Pedro Henríquez Ureña -- |
| -- |
Hacia las obras completas de Pedro Henríquez Ureña por el compilador de la colección / Miguel D. Mena -- |
| -- |
Presentación del libro Seis ensayos en busca de Pedro Henríquez Ureña, de la Dra. Liliana Weinberg / Luis O. Brea Franco -- |
| -- |
Seis ensayos en busca de Pedro Henríquez Ureña / Dr. Liliana Weinberg -- |
| -- |
Presentación en la Feria del Libro Dominicano en New York : Seis ensayos en busca de Pedro Henríquez de la Dra. Liliana Weinberg / Dr. Juan R. Valdez. |
| 590 ## - NOTA LOCAL (RLIN) |
| Nota local |
Inventariado, 2018/LP |
| 700 1# - PUNTO DE ACCESO ADICIONAL--NOMBRE DE PERSONA |
| Nombre de persona |
Brea Franco, Luis O., |
| Término indicativo de función/relación |
compilador-editor |
| Código de función/relación |
comp., ed. |
| 9 (RLIN) |
7125 |
| 910 ## - DATOS DE OPCIÓN DEL USUARIO (OCLC) |
| Datos de opción del usuario |
LP |
| 942 ## - ELEMENTOS DE PUNTO DE ACCESO ADICIONAL (KOHA) |
| Fuente del sistema de clasificación o colocación |
Dewey Decimal Classification |
| Tipo de ítem Koha |
Libro |